00466nam a2200169Ia 4500003000400000005001700004008004100021020001400062040001700076082002100093100001400114245007400128260003100202300001400233650002900247700002000276IIN20240124124135.0231217s9999 xx 000 0 und d cRs.375.00 aIINbEnglish a610.7343 bBIR1 aBir, Usha1 aModel Answer of Community Health NursingcUsha Bir and Kastari Mandal bAnanda Pub.aKolkatac2018 axv,463 p.1 aCommunity Health Nursing1 aMandal, Kasturi